000 01014nam a2200241 a 4500
001 57184
003 BD-RjUL
005 20211209080458.0
008 161206s1970 ii ||||| |||| 00| 0 ben d
035 _a(BD-RjUL)57308
040 _aBD-RjUL
_bben
_cBD-RjUL
_dBD-RjUL
041 _aben
082 _223
_a891.44109
_bMUU 1970
100 _aমুখোপাধ্যায়, অরুণকুমার
_9121124
245 1 0 _aঊনবিংশ শতাব্দীর বাংলা গীতিকাব্য /
_cঅরুণকুমার মুখোপাধ্যায়,
250 _a২য় সং.
260 _aকলিকাতা :
_bজিজ্ঞাসা,
_c১৯৭০
300 _a[১০], ৩৪৩ পৃ. ;
_c২৩ সেমি.
500 _aনির্ঘন্ট সংযুক্ত
650 _aবাংলা কবিতা
_vইতিহাস ও সমালোচনা
_9117724
650 _aBengali Poetry
_vHistory and criticism
_9117725
942 _2ddc
_cBK
999 _c57184
_d57184